000 00318cam a22001097a 4500
008 180718b1977 xxu||||| |||| 00| 0 eng d
082 _aT000x54 In2pr
100 _aKwatra, R.D.
245 _aProgramme and progress
_cby R.D. Kwatra
260 _aNew Delhi
_bMinistry of Information And Broadcasting
_c1977
300 _a96p.
999 _c496779
_d496779